Najnowsze i najstarsze miasta we wszystkich województwach - Statystyki

Ogólne statystyki
  • Ten quiz został rozwiązany 63 razy
    39 od ostatniego zresetowania
  • Średni wynik to 5 z 32
Statystyki odpowiedzi
Województwa Odpowiedź % Poprawnych
opolskie Opole
69%
Najstarsze dolnośląskie Złotoryja
56%
mazowieckie Płock
50%
świętokrzyskie Sandomierz
42%
lubelskie Chełm
31%
podlaskie Białystok
28%
warmińsko-mazurskie Elbląg
28%
podkarpackie Przemyśl
28%
śląskie Olsztyn
22%
śląskie Racibórz
19%
kujawsko-pomorskie Chełmno
17%
pomorskie Kwidzyn
17%
małopolskie Bochnia
11%
lubuskie Krosno Odrzańskie
8%
pomorskie Krynica Morska
8%
mazowieckie Nowe Miasto
8%
kujawsko-pomorskie Pruszcz
8%
wielkopolskie Kaczory
6%
opolskie Tułowice
6%
podlaskie Czyżew
3%
lubelskie Izbica
3%
zachodniopomorskie Mielno
3%
lubuskie Otyń
3%
wielkopolskie Śródka
3%
warmińsko-mazurskie Wielbark
3%
zachodniopomorskie Człopa
0%
podkarpackie Dubiecko
0%
świętokrzyskie Iwaniska
0%
Najnowsze dolnośląskie Kamieniec Ząbkowicki
0%
małopolskie Koszyce
0%
łódzkie Lutomiersk
0%
łódzkie Warta
0%
Nie znaleziono quizów pasujących do podanych kryteriów
Rozkład punktacji
Procent ludzi z każdym wynikiem
Percentyl według liczby udzielonych odpowiedzi
Twoja historia wyników
Nie rozwiązałeś tego quizu od ostatniego zresetowania